| 000 | 00884nam a22002177a 4500 | ||
|---|---|---|---|
| 999 |
_c17699 _d17699 |
||
| 003 | AR-CdUCM | ||
| 008 | 190509b ||||| |||| 00| 0 spa d | ||
| 040 |
_aMUNICIPALIDAD PROVINCIAL DEL CUSCO _cBIBLIOTECA MUNICIPAL DEL CUSCO |
||
| 082 |
_a985.09 / _bO35 |
||
| 100 |
_aOdría, Manuel A., _937841 |
||
| 245 | _aPrincipios y postulados del movimiento restaurador de Arequipa / | ||
| 260 |
_aLima : _c1956. |
||
| 300 |
_a228 paginas ; _bIlustración, _c25 cm. |
||
| 505 | _aContenido :Política social -- Principios doctrinarios de la política social del presidente Odria -- Derechos humanos objetivos de la justicia social -- El problema alimenticio -- El derecho a la salud... | ||
| 650 |
_aOdría, Manuel A. _937842 |
||
| 650 |
_aSiglo XX. _98 |
||
| 650 |
_a Partido Restaurador del Perú _937843 |
||
| 650 |
_aPerú _935 |
||
| 942 |
_2ddc _cLIBROS |
||
| 945 |
_awnts _d2019-05-09 |
||